<?xml version="1.0" encoding="UTF-8"?>
<record
    xmlns:xsi="http://www.w3.org/2001/XMLSchema-instance"
    xsi:schemaLocation="http://www.loc.gov/MARC21/slim http://www.loc.gov/standards/marcxml/schema/MARC21slim.xsd"
    xmlns="http://www.loc.gov/MARC21/slim">

  <leader>00526nam a2200181 a 4500</leader>
  <controlfield tag="001">5036</controlfield>
  <controlfield tag="003">CDMR</controlfield>
  <controlfield tag="005">20130611113349.0</controlfield>
  <controlfield tag="008">130130s1998||||sp |||||||||||||||||cat|d</controlfield>
  <datafield tag="020" ind1=" " ind2=" ">
    <subfield code="a">847727195X</subfield>
  </datafield>
  <datafield tag="040" ind1=" " ind2=" ">
    <subfield code="a">CDMR</subfield>
    <subfield code="b">cat</subfield>
    <subfield code="c">CDMR</subfield>
  </datafield>
  <datafield tag="100" ind1="1" ind2=" ">
    <subfield code="9">2586</subfield>
    <subfield code="a">Monz&#xF3;, Quim</subfield>
  </datafield>
  <datafield tag="245" ind1="1" ind2="0">
    <subfield code="a">Del tot indefens davant dels hostils imperis alien&#xED;genes</subfield>
    <subfield code="c">Quim Monz&#xF3;</subfield>
  </datafield>
  <datafield tag="260" ind1=" " ind2=" ">
    <subfield code="a">Barcelona</subfield>
    <subfield code="b">Quaderns Crema</subfield>
    <subfield code="c">1998</subfield>
  </datafield>
  <datafield tag="500" ind1=" " ind2=" ">
    <subfield code="a">3a reimpressi&#xF3; (1998)</subfield>
  </datafield>
  <datafield tag="600" ind1="1" ind2=" ">
    <subfield code="9">2586</subfield>
    <subfield code="a">Monz&#xF3;, Quim</subfield>
    <subfield code="v">Recull d'escrits</subfield>
    <subfield code="y">1993-1997</subfield>
  </datafield>
  <datafield tag="942" ind1=" " ind2=" ">
    <subfield code="c">MON</subfield>
    <subfield code="2">udc</subfield>
  </datafield>
  <datafield tag="999" ind1=" " ind2=" ">
    <subfield code="c">5036</subfield>
    <subfield code="d">5036</subfield>
  </datafield>
  <datafield tag="952" ind1=" " ind2=" ">
    <subfield code="0">0</subfield>
    <subfield code="1">0</subfield>
    <subfield code="4">0</subfield>
    <subfield code="7">0</subfield>
    <subfield code="a">CDMR</subfield>
    <subfield code="b">CDMR</subfield>
    <subfield code="d">2013-01-16</subfield>
    <subfield code="l">0</subfield>
    <subfield code="o">Du 6/59</subfield>
    <subfield code="p">CDMR13066662</subfield>
    <subfield code="r">2013-06-11</subfield>
    <subfield code="w">2013-06-11</subfield>
    <subfield code="y">MON</subfield>
  </datafield>
</record>
